000 01552cam a2200409 a 4500
999 _c40728
_d40728
001 16848156
003 OSt
005 20200606120134.0
008 110307m20109999ii 000 1 hin d
010 _a 2011324053
020 _a8188381624 (v. 1)
020 _a9788188381623 (v. 1)
025 _aI-H-2011-324053; 09
035 _a(OCoLC)ocn707607556
035 _a(OCoLC)707607556
037 _aLibrary of Congress -- New Delhi Overseas Office
040 _aDKAGE
_beng
_cMESKC library
_dDLC
042 _alccopycat
_alcode
_apcc
050 0 0 _aPK2077
_b.V55 2010
082 0 4 _a891.433
_222
_bPAT/V
245 0 0 _aVikalāṅga-vimarśa kī kahāniyāṃ /
_csampādaka, Vinaya Kumāra Pāṭhaka, Rājeśa Kumāra Mānasa.
246 1 _iTitle on t.p. verso in roman:
_aVikalang-vimarsh ki kahaniyan
250 _a1. saṃskaraṇa.
260 _aDillī :
_bNīraja Buka Seṇṭara,
_c2010-
300 _a200p ;
_c23 cm.
500 _aShort stories.
520 _aCollected stories based on the social condition of people with physical disabilities by various authors.
546 _aIn Hindi.
650 0 _aShort stories, Hindi.
650 0 _aHindi fiction
_y21st century.
650 0 _aPeople with disabilities
_vFiction.
700 1 _aPāṭhaka, Vinaya Kumāra,
_d1947-
700 1 _aMānasa, Rājeśa Kumāra,
_d1965-
906 _a7
_bcbc
_ccopycat
_d2
_encip
_f20
_gy-gencatlg
942 _2ddc
_cBK
_h891.433
_iPAT/V
_k891.433
_mPAT/V